Countries Closest to Dubai - Statistics

General Stats
  • This quiz has been taken 161 times
    141 since last reset
  • The average score is 18 of 20
Answer Stats
Distance (km) Distance (mi) Country % Correct
284 176 Saudi Arabia
100%
63 39 Oman
98%
365 227 Qatar
98%
77 48 Iran
97%
765 475 Yemen
96%
1,319 820 India
95%
840 523 Iraq
95%
639 397 Pakistan
95%
0 0 United Arab Emirates
95%
470 292 Bahrain
94%
1,742 1,082 Jordan
93%
762 473 Kuwait
93%
757 470 Afghanistan
92%
1,715 1,065 Syria
90%
1,657 1,030 Turkey
89%
1,724 1,071 Armenia
82%
1,289 801 Turkmenistan
82%
1,590 988 Azerbaijan
80%
1,537 955 Somalia
75%
1,721 1,069 Uzbekistan
75%
No matching quizzes found
Score Distribution
Percent of People with Each Score
Percentile by Number Answered
Your Score History
You have not taken this quiz since the last reset